| 000 | 01487cam a2200385 i 4500 | ||
|---|---|---|---|
| 999 |
_c65750 _d65750 |
||
| 001 | 768714001 | ||
| 003 | CO-MdFUSB | ||
| 005 | 20200731105441.0 | ||
| 007 | ta | ||
| 008 | 000225t2000 ne a b 001 0 eng | ||
| 010 | _a00023669 | ||
| 020 | _a9004118667 (alk. paper) | ||
| 040 |
_aDLC _cCO-MdFUSB _dC#P _dCO-MdFUSB _dUtOrBLW _bspa _erda |
||
| 041 | _aeng | ||
| 082 |
_223 _a221.48 _bC712 |
||
| 100 | 1 |
_aCollins, Nina L. _eautor |
|
| 245 | 1 | 4 |
_aThe library in Alexandria and the Bible in Greek / _cNina L. Collins. |
| 264 | 1 |
_aLeiden ; _aBoston : _bBrill, _c2000. |
|
| 264 | 4 | _c© 2000 | |
| 300 |
_a214 pàginas : _bilustraciones ; _c25 cm. |
||
| 336 |
_atexto _btxt _2rdacontent. |
||
| 337 |
_asin mediación _bn _2rdamedia. |
||
| 338 |
_avolumen _bnc _2rdacarrier. |
||
| 490 | 1 | _aSupplements to Vetus Testamentum, | |
| 504 | _aIncluye referencias bibliográficas pàginas (183-190) | ||
| 505 | 0 | _aI: Una visión general de los temas de este libro; II: La fecha de la traducción del Pentateuco al griego; III: Demetrio de Phalerum era un empleado de confianza de Ptolomeo II; IV: Demetrio de Phalerum, bibliotecario en la biblioteca de Ptolomeo I; V: ¿Quién quería una traducción del Pentateuco al griego ? | |
| 563 | _aRústico | ||
| 630 | 0 | 7 |
_aBiblia. _pAntiguo Testamento |
| 653 | _aGriego -- Biblia | ||
| 830 | 0 |
_aSupplements to Vetus Testamentum ; _vv. 82. |
|
| 942 | _cBK | ||
| 945 | _aJTF-925 | ||